| 000 | 00734cab a22001935a 4500 | ||
|---|---|---|---|
| 001 | L146957 | ||
| 008 | 090318e20090314xxk f s 000 0 eng d | ||
| 035 | _a(Sirsi) u146957 | ||
| 041 | 0 | _aeng | |
| 100 | 1 | _aPhillips, Mike | |
| 245 | 0 | 0 | _aRush for the exit |
| 260 | _c2009 | ||
| 490 | 0 |
_aEstates Gazette _v(0910) 14 March 2009, 46-49(3) |
|
| 520 | _aExplains that before the credit crunch, banks were throwing money at commercial property, but that now only two will consider loans over £25m. Reviews the largest lenders, RBS and HBOS, who are winding down their property lending books. Tables. | ||
| 590 | _aKA | ||
| 651 | 4 |
_aUnited Kingdom _y |
|
| 690 | _aPROPERTY-COMMERCIAL PROPERTY-COMMERCIAL PROPERTY MARKET | ||
| 942 | _n0 | ||
| 999 |
_c81337 _d81337 |
||